الشاحنات / (رقم التسجيلة. 120440)

تفاصيل مارك
000 -LEADER
fixed length control field 00574nam a22002057a 4500
005 - DATE AND TIME OF LATEST TRANSACTION
control field 20251108174858.0
008 - FIXED-LENGTH DATA ELEMENTS--GENERAL INFORMATION
fixed length control field 250721s1986 xx 000 0 ara d
082 14 - DEWEY DECIMAL CLASSIFICATION NUMBER
Classification number ط/629.22/غرا
100 1# - MAIN ENTRY--PERSONAL NAME
Personal name غراهام, ايان
245 10 - TITLE STATEMENT
Title الشاحنات /
264 1# - PRODUCTION, PUBLICATION, DISTRIBUTION, MANUFACTURE, AND COPYRIGHT NOTICE
Place of production, publication, distribution, manufacture لبنان :
Name of producer, publisher, distributor, manufacturer دار المجاني،
Date of production, publication, distribution, manufacture, or copyright notice 1986.
300 ## - PHYSICAL DESCRIPTION
Extent 31ص.
490 0# - SERIES STATEMENT
Series statement كيف تعمل
650 17 - SUBJECT ADDED ENTRY--TOPICAL TERM
Topical term or geographic name as entry element الشاحنات
650 17 - SUBJECT ADDED ENTRY--TOPICAL TERM
Topical term or geographic name as entry element المواصلات
653 ## - INDEX TERM--UNCONTROLLED
Uncontrolled term ناشئون كبار (15-18)سنة
700 1# - ADDED ENTRY--PERSONAL NAME
Personal name شقرا, جان
Relator term مترجم
942 ## - ADDED ENTRY ELEMENTS (KOHA)
Source of classification or shelving scheme Dewey Decimal Classification
Koha item type كتب
المقتنيات
حالة السحب حالة الفقدان مصدر التصنيف حالة التلف غير قابل للإعارة المكتبة الرئيسية المكتبة الحالية موقع الرف تاريخ التزويد الرقم المتسلسل Total Checkouts رقم الإستدعاء الباركود تاريخ آخر ظهور تاريخ الفاتورة نوع المادة (كوها)
    Dewey Decimal Classification     مكتبة البراعم الواعدة مكتبة البراعم الواعدة الأطفال 10/11/2015 1604137   ط/629.22/غرا PLD00363412 28/07/2025 10/11/2015 كتب
    Dewey Decimal Classification     مكتبة الياسمين للأطفال مكتبة الياسمين للأطفال الأطفال 17/03/2014 557585   ط/629.22/غرا PLD00295280 28/07/2025 17/03/2014 كتب
    Dewey Decimal Classification     مكتبة بدر للأطفال مكتبة بدر للأطفال الأطفال 23/08/2022 290163   ط/629.22/غرا PLD00500187 28/07/2025 23/08/2022 كتب
    Dewey Decimal Classification     مكتبة صويلح العامة مكتبة صويلح العامة الأطفال 27/07/2019 006532   ط/629.22/غرا PLD00459789 28/07/2025 27/07/2019 كتب
Implemented & Customized by: BBB with SCIT (Smart Chains for Information Technology)

Powered by Koha